LIBRARY & INFORMATION CENTRE, KCAET, TAVANUR

ONLINE PUBLIC ACCESS CATALOGUE (OPAC)

Nikuthi Sahsthram / (Record no. 6166)

MARC details
000 -LEADER
fixed length control field 00515cam a2200193ua 4500
041 ## - LANGUAGE CODE
Language code of text/sound track or separate title mal
082 ## - DEWEY DECIMAL CLASSIFICATION NUMBER
Classification number 336.2
Item number SAN/NI
100 ## - MAIN ENTRY--AUTHOR NAME
Personal name Sankara Menon, T C .
245 ## - TITLE STATEMENT
Title Nikuthi Sahsthram /
260 ## - PUBLICATION, DISTRIBUTION, ETC. (IMPRINT)
Place of publication Kottayam :
Name of publisher National Book Stall ,
Year of publication 1952.
300 ## - PHYSICAL DESCRIPTION
Number of Pages 251 ; .
490 0# - SERIES STATEMENT
Series statement Sri Ramavarma Grandhavali,
Volume number/sequential designation 51
942 ## - ADDED ENTRY ELEMENTS (KOHA)
Koha item type Books
Holdings
Withdrawn status Lost status Damaged status Home library Current library Date acquired Full call number Accession Number Koha item type
      KAUAET KAUAET 07/04/2012 336.2 12819 Books
free website counter